[Event "Wetherby 4NCL op-A 6th"]
[Site "Wetherby"]
[Date "2016.01.10"]
[Round "4"]
[White "Gregory, Stephen J"]
[Black "Jarmany, John"]
[Result "1/2-1/2"]
[WhiteElo "2053"]
[BlackElo "2101"]
[PlyCount "115"]
[EventDate "2016.01.08"]
[EventType "swiss"]
[EventRounds "5"]
[EventCountry "ENG"]
[SourceTitle "CBM 170 Extra"]
[Source "ChessBase"]
[SourceDate "2016.02.25"]
[SourceVersion "1"]
[SourceVersionDate "2016.02.25"]
[SourceQuality "1"]

1. e4 c6 2. d4 d5 3. Nc3 dxe4 4. Nxe4 Bf5 5. Ng3 Bg6 6. Nf3 Nd7 7. Be2 e6 8. 0-0 Ngf6 9. Bd2 Qc7 10. c4 Bd6 11. Bc3 Ne4 12. Nxe4 Bxe4 13. h3 Nf6 14. Re1 Rd8 15. Qa4 0-0 16. d5 e5 17. c5 Bxc5 18. Bxe5 Qe7 19. Bxf6 gxf6 20. dxc6 bxc6 21. Bc4 f5 22. Re2 Kh8 23. Qb3 Qf6 24. Qc3 Qxc3 25. bxc3 Kg7 26. Nd2 Bd3 27. Bxd3 Rxd3 28. Nb3 Rxc3 29. Re5 Rxb3 30. Rxc5 Rb6 31. Rxf5 Rb5 32. Rf4 Rc8 33. a4 Rc5 34. g4 Rc2 35. Re1 Rc7 36. Re5 c5 37. h4 c4 38. g5 c3 39. Ree4 Rc1+ 40. Kg2 c2 41. Rc4 Rxc4 42. Rxc4 a5 43. Kf3 Kg6 44. Kf4 Kg7 45. h5 Ra1 46. Rxc2 Rxa4+ 47. Kf5 Ra3 48. f4 Re3 49. Rc8 h6 50. gxh6+ Kxh6 51. Ra8 Rh3 52. Kf6 Kxh5 53. Rxa5+ Kg4 54. f5 Rf3 55. Ra4+ Rf4 56. Ra5 Rf3 57. Rb5 Rf2 58. Kxf7 1/2-1/2

[Event "Wetherby 4NCL op-A 6th"]
[Site "Wetherby"]
[Date "2016.01.10"]
[Round "5"]
[White "Jarmany, John"]
[Black "Keely, Leo A"]
[Result "1-0"]
[WhiteElo "2101"]
[BlackElo "1950"]
[PlyCount "113"]
[EventDate "2016.01.08"]
[EventType "swiss"]
[EventRounds "5"]
[EventCountry "ENG"]
[SourceTitle "CBM 170 Extra"]
[Source "ChessBase"]
[SourceDate "2016.02.25"]
[SourceVersion "1"]
[SourceVersionDate "2016.02.25"]
[SourceQuality "1"]

1. d4 Nf6 2. c4 g6 3. Nc3 Bg7 4. e4 d6 5. f3 0-0 6. Bg5 c6 7. Qd2 a6 8. Bd3 b5 9. Nge2 Nbd7 10. 0-0 b4 11. Nd1 c5 12. d5 Re8 13. f4 Rb8 14. Ng3 h6 15. Bh4 a5 16. Ne3 Nh7 17. Qf2 Rf8 18. Kh1 Bd4 19. Ngf5 gxf5 20. Qg3+ Kh8 21. Nxf5 Rg8 22. Qf3 Ndf6 23. Nxh6 Rg7 24. h3 Ng8 25. Qh5 Nxh6 26. Qxh6 Qg8 27. Bxe7 Rg3 28. e5 Rg6 29. Bxg6 Qxg6 30. Qxg6 fxg6 31. Bxd6 Rb7 32. e6 Bf6 33. Be5 Kg7 34. Rfe1 g5 35. fxg5 Nxg5 36. Bxf6+ Kxf6 37. Rf1+ Ke5 38. Rae1+ Kd6 39. Rf8 Nxe6 40. dxe6 Bxe6 41. Rf6 Re7 42. g4 a4 43. b3 a3 44. h4 Kd7 45. Rfxe6 Rxe6 46. Rxe6 Kxe6 47. h5 Ke5 48. h6 Kf6 49. g5+ Kg6 50. Kg2 Kh7 51. Kf3 Kg6 52. Kf4 Kh7 53. Kf5 Kg8 54. g6 Kh8 55. g7+ Kg8 56. Kf6 Kh7 57. Kf7 1-0

[Event "Wetherby 4NCL op-A 6th"]
[Site "Wetherby"]
[Date "2016.01.09"]
[Round "3"]
[White "Jarmany, John"]
[Black "Brown, Martin"]
[Result "0-1"]
[WhiteElo "2101"]
[BlackElo "2216"]
[PlyCount "110"]
[EventDate "2016.01.08"]
[EventType "swiss"]
[EventRounds "5"]
[EventCountry "ENG"]
[SourceTitle "CBM 170 Extra"]
[Source "ChessBase"]
[SourceDate "2016.02.25"]
[SourceVersion "1"]
[SourceVersionDate "2016.02.25"]
[SourceQuality "1"]

1. d4 Nf6 2. c4 g6 3. Nc3 d5 4. Qb3 dxc4 5. Qxc4 Bg7 6. e4 0-0 7. Be2 Nfd7 8. Be3 a6 9. Nf3 b5 10. Qd3 Nb6 11. Rd1 Nc4 12. Bc1 Nc6 13. h3 e5 14. d5 Nd4 15. b3 Nd6 16. Be3 Nxe2 17. Nxe2 f5 18. Nd2 fxe4 19. Nxe4 Bf5 20. f3 Nxe4 21. fxe4 Qh4+ 22. Bf2 Qxe4 23. Qxe4 Bxe4 24. 0-0 Bh6 25. Nc1 Bc2 26. Rde1 e4 27. Be3 Rxf1+ 28. Kxf1 Bg7 29. Ne2 Be5 30. Bd4 Bd6 31. g4 b4 32. Kg2 Rf8 33. Ng3 Re8 34. h4 Bd3 35. h5 Re7 36. hxg6 hxg6 37. Bf6 Rh7 38. Nxe4 Bxe4+ 39. Rxe4 Rh2+ 40. Kg1 Rxa2 41. g5 Kf7 42. Rh4 Bc5+ 43. Kh1 Rd2 44. Rh7+ Ke8 45. Rxc7 Rxd5 46. Rc6 a5 47. Rc8+ Kf7 48. Ra8 Be3 49. Bd8 Bxg5 50. Bxa5 Be7 51. Ra7 Ke6 52. Kg2 Bd6 53. Ra8 Rd3 54. Re8+ Kf5 55. Rf8+ Bxf8 0-1

[Event "Wetherby 4NCL op-A 6th"]
[Site "Wetherby"]
[Date "2016.01.08"]
[Round "1"]
[White "Slinger, Tony J"]
[Black "Jarmany, John"]
[Result "0-1"]
[WhiteElo "1915"]
[BlackElo "2101"]
[PlyCount "52"]
[EventDate "2016.01.08"]
[EventType "swiss"]
[EventRounds "5"]
[EventCountry "ENG"]
[SourceTitle "CBM 170 Extra"]
[Source "ChessBase"]
[SourceDate "2016.02.25"]
[SourceVersion "1"]
[SourceVersionDate "2016.02.25"]
[SourceQuality "1"]

1. c4 g6 2. g3 Bg7 3. Bg2 c5 4. Nc3 e6 5. e4 Ne7 6. Nge2 Nbc6 7. 0-0 0-0 8. d3 a6 9. Be3 Nd4 10. Rb1 Nec6 11. a3 Qa5 12. Bd2 d6 13. h3 Ne5 14. Nc1 Rb8 15. Nb5 Qxd2 16. Nxd4 Qxd1 17. Rxd1 cxd4 18. f4 Nc6 19. b4 e5 20. Ne2 h5 21. Rf1 Ne7 22. Kh2 Be6 23. Rbc1 Rfc8 24. Ng1 b5 25. cxb5 axb5 26. Nf3 f6 0-1

[Event "GBR-ch 102nd"]
[Site "Coventry"]
[Date "2015.08.06"]
[Round "10"]
[White "Jarmany, John"]
[Black "Zhu, Richard"]
[Result "1-0"]
[WhiteElo "2036"]
[BlackElo "1869"]
[PlyCount "75"]
[EventDate "2015.07.27"]
[EventType "swiss"]
[EventRounds "11"]
[EventCountry "ENG"]
[SourceTitle "CBM 167 Extra"]
[Source "ChessBase"]
[SourceDate "2015.09.14"]
[SourceVersion "1"]
[SourceVersionDate "2015.09.14"]
[SourceQuality "1"]

1. e4 e6 2. d4 d5 3. Nd2 Nf6 4. e5 Nfd7 5. Bd3 c5 6. c3 cxd4 7. cxd4 Nc6 8. Ne2 f6 9. Nf4 Nxd4 10. Qh5+ Ke7 11. exf6+ Nxf6 12. Ng6+ hxg6 13. Qxh8 Kf7 14. Qh4 e5 15. Nf3 Nxf3+ 16. gxf3 Bf5 17. Bxf5 gxf5 18. Bg5 Qb6 19. 0-0 Be7 20. Rac1 Rd8 21. Rc2 Rd6 22. Rc8 Qxb2 23. Rfc1 Qa3 24. R1c3 Qxa2 25. Qh8 Qa4 26. Kg2 Qb4 27. R3c7 Re6 28. h4 e4 29. f4 e3 30. h5 Rb6 31. Bxf6 Qe4+ 32. Kg3 Kxf6 33. h6 Ke6 34. Rxe7+ Kxe7 35. Qxg7+ Kd6 36. Qc7+ Ke6 37. Re8+ Kf6 38. Qg7# 1-0